| 000 | 00645cam a2200133 4500500 | ||
|---|---|---|---|
| 005 | 20260111112415.0 | ||
| 041 | _afre | ||
| 042 | _adc | ||
| 245 | 0 | 0 | _aMETAIRIE, Guillaume, La justice de proximité. Une approche historique. Paris (France) : Presses Universitaires de France - PUF (www.puf.com), 2004. 160 p. (LEVIATHAN), ISBN:2-13-051157-0. 26 € |
| 260 | _c2005. | ||
| 500 | _a10 | ||
| 786 | 0 | _nRevue Internationale des Sciences Administratives | 71 | 1 | 2005-03-01 | p. 185p-190p | 0303-965X | |
| 856 | 4 | 1 | _uhttps://droit.cairn.info/revue-internationale-des-sciences-administratives-2005-1-page-185p?lang=fr&redirect-ssocas=7080 |
| 999 |
_c1632197 _d1632197 |
||